000 00815pam a2200289 a 4500
001 1479137
003 OSt
005 20140310184332.0
008 871120s1988 nyua j 000 1 eng
010 _a 87033104
020 _a0531057593
020 _a0439551897 (lib. bdg.)
040 _aDLC
_cDLC
_dDLC
042 _alcac
050 0 0 _aPZ 7
_b.L5215 2006
100 1 _aLe Guin, Ursula K.
_d1929-
_923935
245 1 0 _aCatwings /
_cUrsula K. Le Guin ; illustrations by S.D. Schindler.
260 _aNew York :
_bOrchard Books,
_c2006.
300 _a39 p. :
_bcol. ill. ;
_c19 cm.
521 _aG5
526 _c700
650 1 _aCats
_xFiction.
_923936
700 1 _aSchindler, S. D.,
_eill.
_923937
906 _a7
_bcbc
_corignew
_d1
_eocip
_f19
_gy-gencatlg
942 _2lcc
_cBK-SCHOLAS
999 _c33686
_d33686